TOP 3000 US SURNAMES - Statistics

General Stats
  • This quiz has been taken 253 times
    246 since last reset
  • The average score is 414 of 3000
Answer Stats
Answer % Correct
HA
90%
MA
90%
SMITH
88%
HE
85%
LE
85%
LI
85%
LO
85%
JOHN
84%
WILL
84%
HO
83%
JOHNS
82%
HU
81%
HARRIS
80%
JOHNSON
80%
DO
78%
HARRISON
78%
JACK
78%
JACKSON
78%
BLACK
77%
LEE
77%
THOMAS
77%
WILLIAM
77%
LIN
76%
WHITE
76%
WILLIAMS
76%
ADAM
75%
ANDERS
75%
GREEN
75%
PARK
75%
ADAMS
74%
ANDERSON
74%
JAMES
74%
MARTIN
74%
MILLER
74%
BROWN
73%
HAN
73%
RICH
73%
ROBERT
73%
ROBERTS
73%
JONES
72%
SU
72%
HER
71%
LU
71%
RICHARD
71%
RICHARDS
71%
THOMPSON
71%
KING
70%
LEWIS
70%
WEST
70%
ALLEN
69%
BELL
69%
CHAN
69%
PARKER
69%
PETERS
69%
WOO
69%
DAVID
68%
EDWARDS
68%
HILL
68%
ANDREW
67%
DAVIS
67%
FRANK
67%
GRAY
67%
LAW
67%
TAYLOR
67%
WILSON
67%
WOOD
67%
RODRIGUEZ
66%
SAM
66%
CARTER
65%
MORRIS
65%
PAUL
65%
PETERSON
65%
YOUNG
65%
HAM
64%
EVANS
61%
GEORGE
61%
RICHARDSON
61%
ROBERTSON
61%
ROGERS
61%
TYLER
61%
WASHINGTON
61%
WOODS
61%
BARR
60%
DAVIDSON
60%
HALL
60%
NG
60%
STONE
60%
ALEXANDER
59%
ANDREWS
59%
BAKER
59%
CONN
59%
GRANT
59%
MARTINEZ
59%
ROSE
59%
STEVENS
59%
WALL
59%
CHARLES
58%
DANIEL
58%
HAY
58%
JEFFERS
58%
LAWRENCE
58%
LY
58%
MOORE
58%
PHILLIPS
58%
DANIELS
57%
DEAN
57%
HART
57%
JEFFERSON
57%
JORDAN
57%
MORRISON
57%
SIMPSON
57%
CARR
56%
CLARK
56%
MCDONALD
56%
RAY
56%
SANDERS
56%
COLE
55%
FORD
55%
HUNT
55%
MICHAEL
55%
MORGAN
55%
BECK
54%
GIL
54%
GOLD
54%
GOMEZ
54%
HERNANDEZ
54%
MARSH
54%
MURPHY
54%
NORTH
54%
ROBINSON
54%
WALKER
54%
WATSON
54%
FRANKLIN
53%
GREY
53%
HUNTER
53%
KENNEDY
53%
MONROE
53%
WILLIS
53%
ALI
52%
DONALD
52%
GREENE
52%
LANG
52%
LOPEZ
52%
PIERCE
52%
QUINN
52%
RUSS
52%
RYAN
52%
SCOTT
52%
STEVENSON
52%
BRADLEY
51%
CONNOR
51%
COOPER
51%
FERNANDEZ
51%
FIELD
51%
GARCIA
51%
HENRY
51%
KELLY
51%
MASON
51%
OLIVER
51%
SAMUEL
51%
STEWART
51%
BRYAN
50%
COLLINS
50%
ELLIS
50%
FISH
50%
HAMILTON
50%
LONG
50%
MANN
50%
MATTHEWS
50%
MAY
50%
MITCHELL
50%
OWEN
50%
PORTER
50%
ASH
49%
BROOKS
49%
CHANG
49%
FOX
49%
HENDERSON
49%
LEON
49%
NELSON
49%
NICHOLS
49%
WALTER
49%
ABRAHAM
48%
BALL
48%
BENJAMIN
48%
BLAKE
48%
CARSON
48%
CHO
48%
CHU
48%
FRANCIS
48%
HANSON
48%
HOWARD
48%
JACOB
48%
KIM
48%
MARSHALL
48%
MICHAELS
48%
POTTER
48%
ROSS
48%
RUSSELL
48%
STEPHENS
48%
WAY
48%
AARON
47%
BERRY
47%
EAST
47%
FISHER
47%
GONZALEZ
47%
JACOBS
47%
JOHNSTON
47%
LINCOLN
47%
RAMIREZ
47%
SANCHEZ
47%
TURNER
47%
BAIL
46%
CAMP
46%
DAWSON
46%
DAY
46%
MILLS
46%
NEWTON
46%
SAMUELS
46%
WATERS
46%
BURT
45%
BUSH
45%
BUTLER
45%
CRUZ
45%
DONALDSON
45%
FREDERICK
45%
GILL
45%
HAYES
45%
LEONARD
45%
LOVE
45%
MADISON
45%
MARK
45%
REA
45%
REED
45%
WALLACE
45%
WANG
45%
WILLIAMSON
45%
WONG
45%
WRIGHT
45%
ALBERT
44%
ARTHUR
44%
BRADY
44%
FREEMAN
44%
HARP
44%
LOUIS
44%
LUCAS
44%
OWENS
44%
SIMON
44%
STANLEY
44%
STUART
44%
WALTERS
44%
WELLS
44%
BAILEY
43%
BARNES
43%
BRAND
43%
HAMM
43%
HARPER
43%
HUGHES
43%
LAU
43%
MACK
43%
OBRIEN
43%
PRINCE
43%
WU
43%
BURTON
42%
CAMPBELL
42%
CLINTON
42%
GRAHAM
42%
HUDSON
42%
JAMESON
42%
KNIGHT
42%
KO
42%
LAM
42%
LOW
42%
NGUYEN
42%
NICHOLAS
42%
RICE
42%
RODGERS
42%
SHAW
42%
SULLIVAN
42%
TUCKER
42%
WARREN
42%
WINTER
42%
ALVAREZ
41%
BARKER
41%
CHASE
41%
CHEN
41%
CHRISTIAN
41%
CHRISTOPHER
41%
DOUGLAS
41%
FIELDS
41%
GOOD
41%
GORDON
41%
NIX
41%
NORTON
41%
PEREZ
41%
REYNOLDS
41%
ARNOLD
40%
COX
40%
DENNIS
40%
ELLIOTT
40%
HANSEN
40%
JENKINS
40%
NEWMAN
40%
PATRICK
40%
PRICE
40%
SILVER
40%
SIMMONS
40%
SPENCE
40%
SPENCER
40%
STEIN
40%
ABBOTT
39%
ANTHONY
39%
BARRY
39%
BERG
39%
BRUCE
39%
BRYANT
39%
BUCK
39%
CLARKE
39%
COOK
39%
CURTIS
39%
DICK
39%
DIXON
39%
DUNN
39%
GRAYSON
39%
LAWS
39%
MURRAY
39%
NIXON
39%
OLSEN
39%
OLSON
39%
PERRY
39%
RIVERS
39%
SANDERSON
39%
STEPHENSON
39%
TAN
39%
VINCENT
39%
WARD
39%
AUSTIN
38%
BARTON
38%
BURNS
38%
CRAIG
38%
DAVIES
38%
FOSTER
38%
GRIFFIN
38%
HOWE
38%
LOGAN
38%
PRESTON
38%
SUMMERS
38%
TERRY
38%
VANCE
38%
WALSH
38%
BENNETT
36%
BURK
36%
CAMERON
36%
CASE
36%
CONNER
36%
HALE
36%
HARVEY
36%
HOLM
36%
JOSEPH
36%
LANE
36%
LARSON
36%
LAWSON
36%
LIND
36%
LOWE
36%
NICHOLSON
36%
PATTERSON
36%
ROY
36%
ASHLEY
35%
BANKS
35%
BENSON
35%
CARLSON
35%
CARPENTER
35%
CHANDLER
35%
GREGORY
35%
HOFF
35%
KENT
35%
MAXWELL
35%
MEYER
35%
NORMAN
35%
ONEIL
35%
PALMER
35%
QUEEN
35%
RAYMOND
35%
REID
35%
SCHMIDT
35%
VO
35%
WATT
35%
WEBB
35%
WESTON
35%
DALE
34%
DREW
34%
FITZGERALD
34%
HAWK
34%
HOFFMAN
34%
LAND
34%
MACDONALD
34%
NORRIS
34%
PARKS
34%
PAULSON
34%
POWELL
34%
ROBB
34%
SAMPSON
34%
ARMSTRONG
33%
ASHTON
33%
BIRD
33%
BURKE
33%
BURR
33%
DIAZ
33%
DUNCAN
33%
FARR
33%
GIBSON
33%
GRIFFITH
33%
HOLMES
33%
MCCARTHY
33%
MORA
33%
ROMAN
33%
WILKINS
33%
BECKER
32%
CRAWFORD
32%
CROW
32%
DILL
32%
FISCHER
32%
GONZALES
32%
KERR
32%
MANNING
32%
MARKS
32%
MORTON
32%
PATE
32%
RILEY
32%
SAWYER
32%
SWAN
32%
SWIFT
32%
WILLS
32%
YU
32%
CLAY
31%
FARMER
31%
FLYNN
31%
GAY
31%
GILBERT
31%
HARDIN
31%
HIGGINS
31%
JENNINGS
31%
KANE
31%
LAKE
31%
MOSS
31%
MYERS
31%
NASH
31%
OCONNOR
31%
ORTIZ
31%
PERKINS
31%
ROBBINS
31%
WADE
31%
WHEELER
31%
BARRETT
30%
CAREY
30%
CASH
30%
COHEN
30%
FINN
30%
FORREST
30%
FRENCH
30%
HAMMOND
30%
HILTON
30%
KEITH
30%
KIRK
30%
MILES
30%
MONTGOMERY
30%
PARSON
30%
REES
30%
TODD
30%
TYSON
30%
BUCHANAN
29%
CASEY
29%
COLEMAN
29%
DRAKE
29%
FRANKS
29%
GARDNER
29%
GOODMAN
29%
GRACE
29%
HERMAN
29%
HOUSTON
29%
KYLE
29%
MILTON
29%
OH
29%
ROCK
29%
RODRIGUES
29%
SILVA
29%
WINTERS
29%
ALLISON
28%
BLUE
28%
CHAMBERS
28%
CHIN
28%
CONNORS
28%
FERGUSON
28%
FULLER
28%
JEFFRIES
28%
JENSEN
28%
KLEIN
28%
LYNN
28%
MALONE
28%
MAYER
28%
NOLAN
28%
ONEAL
28%
PARR
28%
PATEL
28%
POWER
28%
REESE
28%
REYES
28%
SANTIAGO
28%
TANNER
28%
TRENT
28%
WARNER
28%
ABRAMS
27%
CARROLL
27%
CHUN
27%
CHURCH
27%
CLAYTON
27%
CROWE
27%
DANIELSON
27%
DILLON
27%
ENGLISH
27%
FLOYD
27%
HARDING
27%
HOOVER
27%
HOUSE
27%
KELLER
27%
LAMB
27%
MCKENZIE
27%
MCKINLEY
27%
PAGE
27%
RANDALL
27%
REDD
27%
SINGH
27%
STARK
27%
WALTON
27%
WATTS
27%
WEBSTER
27%
YORK
27%
ATKINS
26%
BALDWIN
26%
CALL
26%
CHAPMAN
26%
CHESTER
26%
CHUNG
26%
DALTON
26%
FLORES
26%
FOWLER
26%
GIBBS
26%
GLENN
26%
HAWKINS
26%
HERBERT
26%
HOLLAND
26%
HOLT
26%
PARIS
26%
POWERS
26%
RAMOS
26%
REAGAN
26%
REEVES
26%
RUIZ
26%
TORRES
26%
WATKINS
26%
WILKINSON
26%
ANDERSEN
25%
ARCHER
25%
AVERY
25%
BENTLEY
25%
BOND
25%
BROWNE
25%
CARLTON
25%
COOKE
25%
CROSS
25%
CUNNINGHAM
25%
DAVISON
25%
ERICKSON
25%
FINLEY
25%
FLETCHER
25%
GARRETT
25%
GARY
25%
ISAAC
25%
JACOBSON
25%
KHAN
25%
LIU
25%
LLOYD
25%
MOON
25%
PAYNE
25%
RHODES
25%
RUSH
25%
SAMS
25%
SCHNEIDER
25%
SHEPHERD
25%
SHERMAN
25%
SIMONS
25%
VAUGHN
25%
WESLEY
25%
WOLF
25%
WYATT
25%
ASHER
24%
BATES
24%
BAXTER
24%
BERGER
24%
BISHOP
24%
BLAIR
24%
BRIGHT
24%
CAIN
24%
CORTEZ
24%
CURRY
24%
DOYLE
24%
DUFF
24%
DUKE
24%
EVERETT
24%
GARNER
24%
GATES
24%
HERR
24%
HOLDEN
24%
HORTON
24%
HOWELL
24%
LITTLE
24%
MENDEZ
24%
MULLER
24%
NUNEZ
24%
ORTEGA
24%
PARSONS
24%
PEARCE
24%
RIVERA
24%
SAUNDERS
24%
SHARP
24%
SHORT
24%
STARR
24%
YANG
24%
ABEL
23%
BARNETT
23%
CLIFFORD
23%
DOW
23%
FITZPATRICK
23%
GALLAGHER
23%
GRADY
23%
HARTMAN
23%
KEY
23%
LUKE
23%
LYNCH
23%
MENDOZA
23%
MEYERS
23%
NEAL
23%
POTTS
23%
SCHULTZ
23%
SHEPARD
23%
SNYDER
23%
THORNTON
23%
VASQUEZ
23%
ZIMMER
23%
ZIMMERMAN
23%
ADAMSON
22%
AHMED
22%
BERNARD
22%
BRANDON
22%
CHENG
22%
CHONG
22%
CONNELL
22%
ELLISON
22%
FRANCISCO
22%
HAND
22%
HICKS
22%
HULL
22%
MUELLER
22%
PEARSON
22%
PENN
22%
POPE
22%
PRESLEY
22%
SUAREZ
22%
SWANSON
22%
TATUM
22%
TRAVIS
22%
WAGNER
22%
WALLS
22%
WINSTON
22%
ADDISON
21%
ANGEL
21%
ATKINSON
21%
BROCK
21%
CRANE
21%
CROSBY
21%
DICKSON
21%
ENGLAND
21%
FARRELL
21%
FRASER
21%
FROST
21%
GABRIEL
21%
GOLDMAN
21%
GUNN
21%
HAIL
21%
HANKS
21%
HARDY
21%
HOPKINS
21%
HORN
21%
HURT
21%
KELLEY
21%
LONDON
21%
LORD
21%
MAI
21%
MATHEW
21%
MCCOY
21%
MCGUIRE
21%
MEAD
21%
MORALES
21%
OCONNELL
21%
OREILLY
21%
OTT
21%
ROLAND
21%
SIMS
21%
SUTTON
21%
TATE
21%
WISE
21%
BOYD
20%
BOYLE
20%
BRIDGES
20%
CHAMBERLAIN
20%
CHAVEZ
20%
CLEVELAND
20%
CULLEN
20%
EMERSON
20%
FELIX
20%
FRANCO
20%
GARRISON
20%
GOMES
20%
GUTIERREZ
20%
HANNA
20%
HARLEY
20%
HARMON
20%
HAYDEN
20%
HAYS
20%
HENDRICKS
20%
HENSON
20%
HOPE
20%
LANGE
20%
LAY
20%
MCCARTNEY
20%
MCKAY
20%
MOHAMMED
20%
ODONNELL
20%
PHELPS
20%
PITTS
20%
POLK
20%
ROMERO
20%
ROSA
20%
SHANNON
20%
SPEAR
20%
SPEARS
20%
STEELE
20%
SWEENEY
20%
VELA
20%
WEAVER
20%
BAIN
19%
BASS
19%
BAUER
19%
BEST
19%
BOLTON
19%
BOOTH
19%
CASSIDY
19%
CASTILLO
19%
CASTLE
19%
CASTRO
19%
CHANCE
19%
COSTA
19%
HAMPTON
19%
HENDRIX
19%
HILLS
19%
HUBER
19%
JAMISON
19%
JARVIS
19%
JIMENEZ
19%
JOY
19%
KIRBY
19%
LARSEN
19%
LOPES
19%
MCMAHON
19%
MCQUEEN
19%
OSBORN
19%
PAYTON
19%
POE
19%
RANDOLPH
19%
REILLY
19%
ROMANO
19%
ROWE
19%
SANTOS
19%
SCHWARTZ
19%
SONG
19%
SUN
19%
THOMSON
19%
WEBER
19%
WELSH
19%
WHITMAN
19%
WIGGINS
19%
BARBER
18%
BENTON
18%
BOWEN
18%
BRADFORD
18%
BRANDT
18%
BROWNING
18%
CALDWELL
18%
CHRISTIE
18%
CLEMENT
18%
CUMMINGS
18%
DONOVAN
18%
DURAN
18%
FINCH
18%
FLOWERS
18%
GILES
18%
GOLDBERG
18%
GOLDEN
18%
GOODWIN
18%
GROSS
18%
HALEY
18%
HANCOCK
18%
HEATH
18%
HOBBS
18%
HOOPER
18%
IRVIN
18%
JUAREZ
18%
KRAMER
18%
LAMBERT
18%
LESTER
18%
LINDSEY
18%
LOCKE
18%
MARCUS
18%
MATHEWS
18%
MORENO
18%
ONEILL
18%
PAIGE
18%
ROWAN
18%
ROWLAND
18%
RUTH
18%
SHARPE
18%
SOLOMON
18%
STOCK
18%
TANG
18%
VAUGHAN
18%
VILLA
18%
WEBBER
18%
WELCH
18%
WILDER
18%
YI
18%
BARLOW
17%
BEAL
17%
BEAN
17%
BOOKER
17%
BOONE
17%
BREWER
17%
BYRD
17%
DELANEY
17%
DICKENS
17%
DICKINSON
17%
DUFFY
17%
GIBBONS
17%
GOODE
17%
GUERRERO
17%
HUANG
17%
HUTCHINS
17%
KENDALL
17%
KIDD
17%
LANCE
17%
LESLIE
17%
MARIN
17%
MCDANIEL
17%
MCINTYRE
17%
MEADOWS
17%
PACK
17%
RAMSEY
17%
SHEPPARD
17%
SIMMS
17%
SMALL
17%
STANTON
17%
STERN
17%
STILL
17%
TRACY
17%
TRAN
17%
VELASQUEZ
17%
WALLER
17%
WEISS
17%
WYNN
17%
ACOSTA
16%
ADKINS
16%
BOWER
16%
CHOW
16%
CORTES
16%
COY
16%
DELGADO
16%
EARL
16%
FARLEY
16%
FAULKNER
16%
FAY
16%
FLINT
16%
FOREMAN
16%
FRY
16%
GAVIN
16%
GERMAN
16%
GOLDSTEIN
16%
HOGAN
16%
HUMPHREY
16%
HUTCHINSON
16%
KEMP
16%
LANGLEY
16%
LYON
16%
MACKENZIE
16%
MAST
16%
MAYS
16%
MCLEAN
16%
MORAN
16%
OHARA
16%
PERSON
16%
PETERSEN
16%
POOL
16%
READ
16%
REECE
16%
RUDOLPH
16%
RYDER
16%
SEYMOUR
16%
SHELTON
16%
SOTO
16%
STRONG
16%
VALDEZ
16%
WHITAKER
16%
WHITNEY
16%
YATES
16%
ZHANG
16%
ANTONIO
15%
BARTLETT
15%
BOWMAN
15%
BUCKLEY
15%
CHURCHILL
15%
CLINE
15%
CODY
15%
COLBERT
15%
CONNELLY
15%
CONRAD
15%
DALEY
15%
DELACRUZ
15%
DONNELLY
15%
DYE
15%
FLEMING
15%
FRAZIER
15%
GAINES
15%
GORE
15%
HANNAH
15%
HAWTHORNE
15%
HAYWARD
15%
HOPPER
15%
HORNE
15%
HYDE
15%
ISAACS
15%
JANSEN
15%
JULIAN
15%
JUNG
15%
KAY
15%
KEEN
15%
LANCASTER
15%
LAWTON
15%
MIDDLETON
15%
MULLINS
15%
PENA
15%
PRATT
15%
RIDER
15%
ROSSI
15%
RUSSO
15%
SCHMITT
15%
SCHROEDER
15%
SHIRLEY
15%
SINCLAIR
15%
SNOW
15%
STERLING
15%
THORNE
15%
VALENTIN
15%
WARE
15%
WING
15%
BARRON
14%
BETTS
14%
BOSTON
14%
BURGER
14%
CABRERA
14%
CANNON
14%
CARLOS
14%
CARTWRIGHT
14%
CHOI
14%
COBB
14%
COMBS
14%
CONWAY
14%
DENT
14%
DIAMOND
14%
DODGE
14%
DYSON
14%
FERNANDES
14%
GARLAND
14%
GILMORE
14%
GLOVER
14%
GRANGER
14%
GRAVES
14%
GREGG
14%
HADLEY
14%
HARTLEY
14%
HAYNES
14%
HENLEY
14%
HERRERA
14%
HODGE
14%
HONG
14%
IRVING
14%
JOYCE
14%
KNOX
14%
LANDRY
14%
LARKIN
14%
LEVIN
14%
LEVY
14%
LINDSAY
14%
LIVINGSTON
14%
LUTHER
14%
MADDOX
14%
MARQUEZ
14%
MASSEY
14%
MASTERS
14%
MAYO
14%
MCCALL
14%
MCMILLAN
14%
MCPHERSON
14%
MOSES
14%
MUHAMMAD
14%
NOBLE
14%
NOEL
14%
OTTO
14%
PAN
14%
PECK
14%
RIOS
14%
ROSEN
14%
ROTH
14%
RUDD
14%
SANDS
14%
SANTANA
14%
SAVAGE
14%
SHEA
14%
SLOAN
14%
UNDERWOOD
14%
VALENTINE
14%
VU
14%
WOLFE
14%
WOODSON
14%
WOODWARD
14%
ACKERMAN
13%
ALONZO
13%
BACH
13%
BARON
13%
BILLINGS
13%
BLOOM
13%
BRADSHAW
13%
BRAY
13%
BRUNO
13%
BURNETT
13%
BUTCHER
13%
CANO
13%
CLIFTON
13%
COCHRAN
13%
COLON
13%
DECKER
13%
DOMINGUEZ
13%
FERRELL
13%
GLASS
13%
GOULD
13%
GREENWOOD
13%
GRIFFITHS
13%
GROVE
13%
GUY
13%
HAHN
13%
HARDEN
13%
HEWITT
13%
HIGH
13%
HINES
13%
HOOD
13%
JUSTICE
13%
KENNY
13%
KNOWLES
13%
LAI
13%
LOWRY
13%
MADDEN
13%
MANUEL
13%
MCALLISTER
13%
MCBRIDE
13%
MCINTOSH
13%
MORROW
13%
PACE
13%
PATTON
13%
POOLE
13%
QUICK
13%
RICHMOND
13%
ROLLINS
13%
SELLERS
13%
SHIN
13%
SINGER
13%
SPARKS
13%
STAFFORD
13%
STOCKTON
13%
STREET
13%
TOMPKINS
13%
TONG
13%
VARGAS
13%
VAZQUEZ
13%
WITT
13%
ACEVEDO
11%
ADAME
11%
AGUILAR
11%
ALONSO
11%
BARKLEY
11%
BIGGS
11%
BRANCH
11%
BRENNAN
11%
BRITT
11%
BULLOCK
11%
BURGESS
11%
CALLAHAN
11%
CARVER
11%
CASPER
11%
CHERRY
11%
CREWS
11%
CROWDER
11%
DAWKINS
11%
DEMPSEY
11%
DENTON
11%
DIAS
11%
DONG
11%
DOVE
11%
DYER
11%
EATON
11%
EGAN
11%
FALLON
11%
FERRIS
11%
FREY
11%
FUENTES
11%
GALE
11%
HESS
11%
HINTON
11%
HODGES
11%
HOLLIS
11%
HOOK
11%
HUFF
11%
HURLEY
11%
HUTTON
11%
JACOBSEN
11%
JUDD
11%
KEYS
11%
KLINE
11%
KOWALSKI
11%
KRAFT
11%
LORENZ
11%
LORENZO
11%
MALIK
11%
MCARTHUR
11%
MCCANN
11%
MCCONNELL
11%
MCFARLAND
11%
MCGEE
11%
MCNEIL
11%
MICHEL
11%
MIRANDA
11%
MULLEN
11%
NIELSEN
11%
OSBORNE
11%
PARRIS
11%
PARRISH
11%
PENCE
11%
PIPER
11%
ROBLES
11%
SALAZAR
11%
SHAH
11%
SHELBY
11%
SHELL
11%
SKINNER
11%
SPRINGER
11%
STANFORD
11%
SUTHERLAND
11%
SWANN
11%
TOMLINSON
11%
VEGA
11%
WELLER
11%
WERNER
11%
AGUILERA
10%
ALBA
10%
BAIRD
10%
BEARD
10%
BURROWS
10%
CHRISTIANSEN
10%
CLANCY
10%
COE
10%
COLES
10%
DARBY
10%
DAVENPORT
10%
DICKERSON
10%
DOHERTY
10%
DORSEY
10%
DOUGHERTY
10%
DOWNEY
10%
DOWNS
10%
DUDLEY
10%
EDMONDS
10%
ERVIN
10%
ESTRADA
10%
FOLEY
10%
FORRESTER
10%
FRYE
10%
FULTON
10%
GILLIS
10%
HARRINGTON
10%
HEAD
10%
HELTON
10%
HENDRICKSON
10%
HURST
10%
IRELAND
10%
KANG
10%
KAUFMAN
10%
KENDRICK
10%
KIRKLAND
10%
LEMON
10%
LIM
10%
LOWERY
10%
MAYES
10%
MAYNARD
10%
MCGRATH
10%
MCKEE
10%
MCLAUGHLIN
10%
MUNOZ
10%
NAVA
10%
NAVARRO
10%
OLEARY
10%
PIERRE
10%
PITTMAN
10%
RING
10%
SCHAEFER
10%
SHEFFIELD
10%
SHIELDS
10%
SILVERMAN
10%
SINGLETON
10%
SNIDER
10%
SOSA
10%
STROUD
10%
TEMPLE
10%
THORPE
10%
TOBIAS
10%
TORREZ
10%
TOWNSEND
10%
VELAZQUEZ
10%
VERA
10%
WHITT
10%
WINN
10%
AKERS
9%
AVILA
9%
BEAVER
9%
BERGMAN
9%
BLACKBURN
9%
BOGGS
9%
BOWERS
9%
BRAUN
9%
BRIGGS
9%
BUSCH
9%
BYRNE
9%
CAMPOS
9%
CHRISTENSEN
9%
CORBIN
9%
COSTELLO
9%
COTTON
9%
COYLE
9%
CRAFT
9%
CRAMER
9%
CROFT
9%
DARLING
9%
DOWNING
9%
DRIVER
9%
DUVALL
9%
FELTON
9%
GENTRY
9%
GODWIN
9%
GORMAN
9%
HAINES
9%
HAMMER
9%
HARE
9%
HATHAWAY
9%
HEALY
9%
HELLER
9%
HILLMAN
9%
HUBBARD
9%
HUNTLEY
9%
JEAN
9%
KRAUS
9%
LANGSTON
9%
LEVINE
9%
LYONS
9%
MAHER
9%
MCCAIN
9%
MCCLAIN
9%
MCCORMICK
9%
MCGREGOR
9%
MCNAMARA
9%
MEADE
9%
MEDINA
9%
MERCER
9%
MOONEY
9%
OAKLEY
9%
ODOM
9%
ORLANDO
9%
ORR
9%
PHAM
9%
PUGH
9%
REDDING
9%
REGAN
9%
REYNA
9%
RITCHIE
9%
ROBERSON
9%
ROE
9%
ROJAS
9%
SALINAS
9%
SHOEMAKER
9%
STOKES
9%
STRICKLAND
9%
TIMMONS
9%
WHITEHEAD
9%
WHITLEY
9%
WILCOX
9%
WILEY
9%
ZHOU
9%
AGUIRRE
8%
AHMAD
8%
ANDRADE
8%
ARIAS
8%
ARROYO
8%
AYERS
8%
BALLARD
8%
BARNEY
8%
BAUTISTA
8%
BENDER
8%
BONDS
8%
BRAGG
8%
BRAXTON
8%
BRYSON
8%
CALHOUN
8%
CLEMENTS
8%
COPE
8%
CORONA
8%
CORREA
8%
COURTNEY
8%
DALY
8%
DEJESUS
8%
DOLAN
8%
DURANT
8%
EASTER
8%
ELIAS
8%
EWING
8%
FERRER
8%
GOSS
8%
GRAF
8%
HAAS
8%
HACKER
8%
HANLEY
8%
HASTINGS
8%
HATCH
8%
HEARN
8%
HOLLIDAY
8%
HUFFMAN
8%
IVERSON
8%
KERN
8%
LACEY
8%
LANGFORD
8%
LAYTON
8%
LEACH
8%
LOVELL
8%
LUNA
8%
LYLE
8%
MAGUIRE
8%
MALLORY
8%
MARINO
8%
MARION
8%
MARLOW
8%
MATHIS
8%
MCDONNELL
8%
MCDOWELL
8%
MCKINNEY
8%
MELVIN
8%
MINOR
8%
MONK
8%
MONTOYA
8%
MOODY
8%
OMALLEY
8%
OSWALD
8%
PADILLA
8%
PICKETT
8%
REAVES
8%
REDMOND
8%
ROCHE
8%
RUBIO
8%
SCHAEFFER
8%
SMART
8%
STACY
8%
STARKS
8%
TILLMAN
8%
VERNON
8%
WESTBROOK
8%
WILKERSON
8%
ZHENG
8%
ALTMAN
7%
AMBROSE
7%
AMOS
7%
BACON
7%
BAUM
7%
BEACH
7%
BEASLEY
7%
BELLAMY
7%
BLANCHARD
7%
BLANK
7%
BOYCE
7%
BRUNSON
7%
BURCH
7%
BURKS
7%
BYERS
7%
CARLISLE
7%
CARMICHAEL
7%
CHILDS
7%
CLEMENS
7%
CLEMONS
7%
COFFEY
7%
COLLIER
7%
CRAWLEY
7%
CROWLEY
7%
CUTLER
7%
DAILEY
7%
DANG
7%
DASILVA
7%
DELAROSA
7%
DRAPER
7%
DUBOIS
7%
EPSTEIN
7%
ESCOBAR
7%
FAIR
7%
FRIEDMAN
7%
GANN
7%
GEE
7%
GODFREY
7%
GRUBER
7%
HAGEN
7%
HARMAN
7%
HAUSER
7%
HAYWOOD
7%
HENSLEY
7%
HOBSON
7%
HOLLOWAY
7%
INGRAM
7%
JETER
7%
JETT
7%
KITCHEN
7%
KRAUSE
7%
LACY
7%
LARA
7%
LEUNG
7%
LINK
7%
LOCKWOOD
7%
MAHONEY
7%
MALDONADO
7%
MALONEY
7%
MCDERMOTT
7%
MCKENNA
7%
MCLEOD
7%
MEIER
7%
MELENDEZ
7%
MILNER
7%
MOLINA
7%
MOYER
7%
NOVAK
7%
OAKES
7%
PHAN
7%
POST
7%
PRIEST
7%
PRITCHETT
7%
ROACH
7%
ROONEY
7%
ROSARIO
7%
RUST
7%
SALAS
7%
SCHULZ
7%
SCHWARZ
7%
SEBASTIAN
7%
SHAFFER
7%
SHERIDAN
7%
SHERWOOD
7%
SIERRA
7%
STACK
7%
STEWARD
7%
SYKES
7%
TAM
7%
UPTON
7%
VALENCIA
7%
VANG
7%
VENTURA
7%
VILLANUEVA
7%
WEEKS
7%
WILKES
7%
WILLARD
7%
WOODY
7%
WORTHINGTON
7%
YOO
7%
ALBRIGHT
6%
ALFONSO
6%
ALVARADO
6%
ANDRES
6%
BABCOCK
6%
BARROW
6%
BENEDICT
6%
BINGHAM
6%
BLANCO
6%
BLANKENSHIP
6%
BOYER
6%
BRANTLEY
6%
BRINK
6%
BUNDY
6%
BURRELL
6%
BUTTS
6%
CAMACHO
6%
COMPTON
6%
CONLEY
6%
CONNOLLY
6%
CONTRERAS
6%
COON
6%
COPELAND
6%
CORDOVA
6%
DARNELL
6%
DICKEY
6%
DOBSON
6%
DRISCOLL
6%
DWYER
6%
EASTMAN
6%
ENNIS
6%
ESPINO
6%
ESPINOZA
6%
FALCON
6%
FERREIRA
6%
FINK
6%
GANNON
6%
GREENBERG
6%
GREER
6%
GRIMES
6%
GROSSMAN
6%
GROVER
6%
GROVES
6%
GUZMAN
6%
HAWLEY
6%
HECK
6%
HEIN
6%
HERRING
6%
HESTER
6%
HICKEY
6%
HICKMAN
6%
HOOKER
6%
HORNER
6%
HOUGH
6%
KAISER
6%
KILLIAN
6%
KONG
6%
KUMAR
6%
LACKEY
6%
LANDERS
6%
LEARY
6%
LEBLANC
6%
LEONE
6%
LOYD
6%
MACKEY
6%
MAIN
6%
MAJOR
6%
MARTINO
6%
MASTERSON
6%
MATEO
6%
MCCLELLAN
6%
MCGILL
6%
MCGINNIS
6%
MCRAE
6%
MELTON
6%
MERCADO
6%
MOHAMED
6%
MUNIZ
6%
MUNSON
6%
NAYLOR
6%
NUNES
6%
OKEEFE
6%
PACHECO
6%
PEREIRA
6%
PETTY
6%
PINTO
6%
POLLARD
6%
POLLOCK
6%
PRESCOTT
6%
PROCTOR
6%
PRUITT
6%
RAINES
6%
RICKS
6%
ROCHA
6%
ROSAS
6%
ROSENBERG
6%
RUBIN
6%
RUTHERFORD
6%
SALGADO
6%
SALMON
6%
SANDOVAL
6%
SANFORD
6%
SAYLOR
6%
SCHAFER
6%
SCHUSTER
6%
SEXTON
6%
SHAPIRO
6%
SHELDON
6%
SHEN
6%
SLATER
6%
STOUT
6%
STUBBS
6%
SWAIN
6%
THURMAN
6%
TREVINO
6%
VICK
6%
VILLALOBOS
6%
WHALEN
6%
WISEMAN
6%
XU
6%
ZAPATA
6%
ZHU
6%
ADLER
5%
AIKEN
5%
ALLEY
5%
ALSTON
5%
BATEMAN
5%
BATISTA
5%
BERTRAND
5%
BEYER
5%
BIRCH
5%
BLACKMON
5%
BLACKWELL
5%
BREWSTER
5%
BRITTON
5%
BULLARD
5%
BURROUGHS
5%
CALLAWAY
5%
CAO
5%
CARNEY
5%
CHAU
5%
CHILDRESS
5%
CLOUD
5%
COREY
5%
CROOK
5%
CULVER
5%
CURRAN
5%
DAUGHERTY
5%
DEAL
5%
DEVINE
5%
DEWEY
5%
DIGGS
5%
DURHAM
5%
DUTTON
5%
ENGEL
5%
ESPINOSA
5%
ESPOSITO
5%
ESTES
5%
FLOOD
5%
FOY
5%
FRITZ
5%
GALLO
5%
GERBER
5%
GLEASON
5%
GRIMM
5%
GUTHRIE
5%
HACKETT
5%
HAMLIN
5%
HARRELL
5%
HASSAN
5%
HATCHER
5%
HEARD
5%
HITCHCOCK
5%
HOLCOMB
5%
HOLDER
5%
HUMPHRIES
5%
HYATT
5%
IRWIN
5%
KAHN
5%
KAUFFMAN
5%
KEENE
5%
KELSEY
5%
KEYES
5%
KNAPP
5%
KOCH
5%
KOENIG
5%
KUHN
5%
LAIRD
5%
LAUGHLIN
5%
LEHMAN
5%
LILLY
5%
LINN
5%
LOCKHART
5%
LUDWIG
5%
MACE
5%
MAYFIELD
5%
MCCARTY
5%
MCCAULEY
5%
MCCLURE
5%
MCCRAY
5%
MCDONOUGH
5%
MCGHEE
5%
MCHUGH
5%
MCNEAL
5%
MCNEILL
5%
MEJIA
5%
MERCHANT
5%
MINER
5%
MORSE
5%
NANCE
5%
NEELY
5%
NEWSOME
5%
NGO
5%
NOWAK
5%
NUNN
5%
OCHOA
5%
OGDEN
5%
PARISH
5%
PEOPLES
5%
PERALTA
5%
PICKENS
5%
PRITCHARD
5%
PURDY
5%
QUINTANA
5%
REDDY
5%
REDMAN
5%
RIVAS
5%
ROBISON
5%
ROPER
5%
ROYAL
5%
SCHAFFER
5%
SCHUMACHER
5%
SHEEHAN
5%
SHELLEY
5%
STARKEY
5%
STONER
5%
STRANGE
5%
TEMPLETON
5%
TIPTON
5%
VALENZUELA
5%
VALLE
5%
WAHL
5%
WATERMAN
5%
WHITTAKER
5%
WINKLER
5%
WINSLOW
5%
WOODARD
5%
WORLEY
5%
ZHAO
5%
ACUNA
4%
ARREOLA
4%
ATWOOD
4%
BACHMAN
4%
BAEZ
4%
BARNARD
4%
BARTH
4%
BEAM
4%
BELANGER
4%
BELTRAN
4%
BENITEZ
4%
BLACKMAN
4%
BONILLA
4%
BONNER
4%
BOUCHARD
4%
BOWLES
4%
BOWSER
4%
BUCKNER
4%
CARRILLO
4%
CARUSO
4%
CASTANEDA
4%
CERVANTES
4%
CHADWICK
4%
CHILDERS
4%
CORDERO
4%
CORNELL
4%
COTE
4%
COUCH
4%
COUGHLIN
4%
COVINGTON
4%
COWAN
4%
CRAVEN
4%
CUMMINS
4%
DELEON
4%
DENSON
4%
DEWITT
4%
DODSON
4%
DONAHUE
4%
DOUGLASS
4%
DRUMMOND
4%
DUGAN
4%
DUGGAN
4%
DUNBAR
4%
EARLY
4%
EASON
4%
EDDY
4%
EMERY
4%
ENRIQUEZ
4%
FABIAN
4%
FARRIS
4%
FENTON
4%
FIGUEROA
4%
FITCH
4%
FLANAGAN
4%
FOOTE
4%
FORBES
4%
FRANCOIS
4%
FRIEND
4%
GAGE
4%
GILLESPIE
4%
GUERRA
4%
GUO
4%
HANEY
4%
HATFIELD
4%
HATTON
4%
HIDALGO
4%
HIGHTOWER
4%
HOOKS
4%
HOSKINS
4%
HOUSER
4%
HUGGINS
4%
HURD
4%
HWANG
4%
JAEGER
4%
KEATING
4%
KELLOGG
4%
KIRKPATRICK
4%
KRUGER
4%
LAYNE
4%
LEAL
4%
LIANG
4%
LOCKLEAR
4%
LOMBARDI
4%
LOMBARDO
4%
LONGO
4%
LOVETT
4%
LUND
4%
MATA
4%
MCCULLOUGH
4%
MCFADDEN
4%
MCGRAW
4%
MCKINNON
4%
MCKNIGHT
4%
MCMANUS
4%
MEEK
4%
MERRITT
4%
MILLARD
4%
MOBLEY
4%
MORIN
4%
MOSLEY
4%
MOTT
4%
MULLIGAN
4%
MURDOCK
4%
MYLES
4%
NOONAN
4%
NYE
4%
OLIVA
4%
ORDONEZ
4%
PAINTER
4%
PIKE
4%
PINA
4%
PLUMMER
4%
PRYOR
4%
REICH
4%
RENNER
4%
RIGGS
4%
RIZZO
4%
ROSALES
4%
SCHUBERT
4%
SEWELL
4%
SHAFER
4%
SHIPLEY
4%
SMILEY
4%
SORIA
4%
SOUSA
4%
SOUZA
4%
SUGGS
4%
SWEET
4%
SWENSON
4%
TAVARES
4%
THOMASON
4%
TITUS
4%
TROUT
4%
TRUJILLO
4%
UNGER
4%
VALDES
4%
WALDEN
4%
WITHERSPOON
4%
YODER
4%
YOON
4%
AMES
3%
ANGELES
3%
ARELLANO
3%
ARNETT
3%
BASSETT
3%
BAUMAN
3%
BELLO
3%
BERMAN
3%
BEVERLY
3%
BOUCHER
3%
BRADEN
3%
BURKETT
3%
CAHILL
3%
CALDERON
3%
CALVERT
3%
CARRINGTON
3%
CATES
3%
CHANEY
3%
CHAPPELL
3%
CHENEY
3%
CHEUNG
3%
CHIU
3%
CISNEROS
3%
CLEARY
3%
COOLEY
3%
CORNELIUS
3%
CULP
3%
DENNISON
3%
DIETRICH
3%
DILLARD
3%
DOBBS
3%
DODD
3%
DONOHUE
3%
DOSS
3%
DOTSON
3%
DOWELL
3%
DUNLAP
3%
EDMONDSON
3%
ERWIN
3%
FALK
3%
FELDMAN
3%
FERRARA
3%
FLAHERTY
3%
FOSS
3%
GANT
3%
GARZA
3%
GILLIAM
3%
GOFF
3%
GUEVARA
3%
GUINN
3%
GUNTER
3%
HAGER
3%
HANDY
3%
HEBERT
3%
HINDS
3%
HINKLE
3%
HIRSCH
3%
HOFFMANN
3%
HOYT
3%
HSU
3%
HUSSAIN
3%
IVY
3%
JOINER
3%
JOYNER
3%
KAPLAN
3%
KATZ
3%
KENNEY
3%
KIMBALL
3%
KIMBLE
3%
KNOTT
3%
KRUEGER
3%
LEAVITT
3%
LIMA
3%
LITTLEJOHN
3%
LOOMIS
3%
LOTT
3%
MATTINGLY
3%
MCCORMACK
3%
MCELROY
3%
MCLAIN
3%
METCALF
3%
MIMS
3%
MINTON
3%
MONAHAN
3%
MONTERO
3%
MONTES
3%
NEWELL
3%
NIEVES
3%
NORWOOD
3%
OLDHAM
3%
PARROTT
3%
PENNINGTON
3%
PETTIT
3%
PICKERING
3%
PIERSON
3%
PLATT
3%
PONCE
3%
PORTILLO
3%
PRATER
3%
PRESSLEY
3%
PRINGLE
3%
PURCELL
3%
RANDLE
3%
RAPP
3%
RASMUSSEN
3%
RICHTER
3%
RIDDLE
3%
RITTER
3%
ROCKWELL
3%
ROOT
3%
RUCKER
3%
RUFF
3%
SALTER
3%
SCALES
3%
SEAMAN
3%
SEARS
3%
SHARMA
3%
SINGLETARY
3%
SIZEMORE
3%
SLADE
3%
SORENSEN
3%
SORIANO
3%
SPAULDING
3%
STEEN
3%
STEINER
3%
STORY
3%
STOVER
3%
STRAUSS
3%
SUMNER
3%
SYLVESTER
3%
TALBOT
3%
TELLEZ
3%
TERRELL
3%
TOBIN
3%
URBAN
3%
VANN
3%
VICKERS
3%
VOSS
3%
WAITE
3%
WAKEFIELD
3%
WEINER
3%
WHITING
3%
WOLFF
3%
YEE
3%
ADAIR
2%
ALBRECHT
2%
ALDRIDGE
2%
ALFARO
2%
ALFORD
2%
ALVES
2%
AQUINO
2%
ARAUJO
2%
AUGUSTINE
2%
AVILES
2%
AYALA
2%
BABB
2%
BACA
2%
BAER
2%
BARTLEY
2%
BATTLE
2%
BEATTY
2%
BEATY
2%
BELCHER
2%
BENOIT
2%
BERGERON
2%
BERNSTEIN
2%
BLAND
2%
BLEDSOE
2%
BLISS
2%
BLOCK
2%
BLUM
2%
BOCK
2%
BOLDEN
2%
BOLES
2%
BOSWELL
2%
BOUDREAUX
2%
BOWDEN
2%
BREEN
2%
BROWER
2%
BUI
2%
BURGOS
2%
BURKHART
2%
BURLESON
2%
CANTRELL
2%
CAPPS
2%
CARLIN
2%
CHASTAIN
2%
CHEEK
2%
CHISHOLM
2%
COATES
2%
COATS
2%
COFFMAN
2%
CONDON
2%
CONKLIN
2%
CONROY
2%
CORBETT
2%
CORCORAN
2%
CRABTREE
2%
CRAIN
2%
CROCKETT
2%
CROUCH
2%
CROUSE
2%
CRUM
2%
DAHL
2%
DAVILA
2%
DELATORRE
2%
DENNY
2%
DOOLEY
2%
DOWD
2%
DUARTE
2%
DUKES
2%
DYKES
2%
ELLSWORTH
2%
ENGLE
2%
FELDER
2%
FERRARO
2%
FINNEY
2%
FONG
2%
FORTE
2%
FOUNTAIN
2%
GALLEGOS
2%
GALLOWAY
2%
GAO
2%
GARBER
2%
GOLDSMITH
2%
GRIER
2%
HAGAN
2%
HEATON
2%
HELMS
2%
HILLIARD
2%
HOLLEY
2%
HOLMAN
2%
HORVATH
2%
HUMPHREYS
2%
HUSTON
2%
IBARRA
2%
IBRAHIM
2%
INMAN
2%
IVEY
2%
JIANG
2%
JOLLY
2%
JORGENSEN
2%
KAUR
2%
KEARNEY
2%
KERNS
2%
KINNEY
2%
KINSEY
2%
KOHLER
2%
KURTZ
2%
LADD
2%
LANDIS
2%
LANIER
2%
LIGHT
2%
LINDER
2%
LINTON
2%
LOFTON
2%
LONGORIA
2%
LUCERO
2%
LUNDY
2%
MACHADO
2%
MADRID
2%
MADSEN
2%
MAGEE
2%
MAHAN
2%
MAIER
2%
MANLEY
2%
MATOS
2%
MATTSON
2%
MCCABE
2%
MCCLOUD
2%
MCCOLLUM
2%
MCNAIR
2%
MCNALLY
2%
MCWILLIAMS
2%
MEANS
2%
MEEHAN
2%
MEEKS
2%
MEREDITH
2%
MERRILL
2%
MIXON
2%
MOELLER
2%
MOTA
2%
MURILLO
2%
NEUMANN
2%
NOBLES
2%
OATES
2%
OVERSTREET
2%
OVERTON
2%
PEACOCK
2%
PFEIFFER
2%
POSEY
2%
PUTNAM
2%
PYLE
2%
QUIGLEY
2%
RADFORD
2%
RAHMAN
2%
RANKIN
2%
REIS
2%
RIGGINS
2%
RODRIQUEZ
2%
ROUSE
2%
ROWLEY
2%
SADLER
2%
SALVADOR
2%
SARGENT
2%
SCHELL
2%
SCHILLING
2%
SCHMITZ
2%
SCHOFIELD
2%
SCHREIBER
2%
SHEARER
2%
SHIPMAN
2%
SHULTZ
2%
SIEGEL
2%
SMALLS
2%
SNELL
2%
SOLIS
2%
SORENSON
2%
SPICER
2%
SQUIRES
2%
STALEY
2%
STAPLES
2%
STAPLETON
2%
STINSON
2%
STJOHN
2%
STRINGER
2%
TEJADA
2%
TRUONG
2%
TUBBS
2%
TUTTLE
2%
ULRICH
2%
VANDYKE
2%
VELEZ
2%
VILLARREAL
2%
VILLEGAS
2%
VINSON
2%
VOGEL
2%
WASHBURN
2%
WHITLOCK
2%
WILES
2%
WOMACK
2%
WRAY
2%
YOUNGBLOOD
2%
ABERNATHY
1%
ABREU
1%
ADCOCK
1%
AKINS
1%
ALDRICH
1%
ALEMAN
1%
APONTE
1%
ARAGON
1%
ARCHULETA
1%
ARRIAGA
1%
ASHBY
1%
AVALOS
1%
BAGLEY
1%
BARAJAS
1%
BARFIELD
1%
BARGER
1%
BARRERA
1%
BARRIOS
1%
BARTHOLOMEW
1%
BAUMANN
1%
BECKMAN
1%
BEGUM
1%
BEIL
1%
BERNAL
1%
BETANCOURT
1%
BIANCO
1%
BLANTON
1%
BLEVINS
1%
BLOUNT
1%
BOWLING
1%
BRANHAM
1%
BRAVO
1%
BREAUX
1%
BRENNER
1%
BRINKLEY
1%
BRISCOE
1%
BRITO
1%
BUNCH
1%
BURRIS
1%
BUSBY
1%
BYLER
1%
BYNUM
1%
CALLOWAY
1%
CANTU
1%
CARDENAS
1%
CARMONA
1%
CARNES
1%
CARRIER
1%
CASAS
1%
CASILLAS
1%
CHATMAN
1%
CHEATHAM
1%
CHRISTMAN
1%
CHRISTY
1%
COKER
1%
COLVIN
1%
COMER
1%
CONCEPCION
1%
COONEY
1%
CORLEY
1%
CORNWELL
1%
CORRAL
1%
COULTER
1%
CRANDALL
1%
CRENSHAW
1%
CRISP
1%
CROCKER
1%
CRONIN
1%
CURLEY
1%
CURRIE
1%
DAIGLE
1%
DELOSSANTOS
1%
DEMARCO
1%
DEVLIN
1%
DEVRIES
1%
DIETZ
1%
DINH
1%
DOAN
1%
DOBBINS
1%
DOWDY
1%
DOWLING
1%
DUCKWORTH
1%
DUMAS
1%
DUPREE
1%
DURBIN
1%
EASLEY
1%
EBERT
1%
ECKERT
1%
ELDER
1%
EPPS
1%
ERNST
1%
ESPARZA
1%
ESQUIVEL
1%
ESTRELLA
1%
FARNSWORTH
1%
FARRAR
1%
FAUST
1%
FIERRO
1%
FONSECA
1%
FOURNIER
1%
FOUST
1%
FRANTZ
1%
FUNK
1%
GAFFNEY
1%
GAGNON
1%
GALINDO
1%
GALVAN
1%
GALVEZ
1%
GAMBLE
1%
GARVIN
1%
GAUTHIER
1%
GEARY
1%
GEIGER
1%
GIFFORD
1%
GIVENS
1%
GODDARD
1%
GOETZ
1%
GOODSON
1%
GRAFF
1%
GRANADOS
1%
GRUBB
1%
GUNDERSON
1%
GUPTA
1%
HAMMONDS
1%
HARMS
1%
HASKINS
1%
HENNING
1%
HERRINGTON
1%
HERRMANN
1%
HERRON
1%
HERSHBERGER
1%
HOANG
1%
HOLBROOK
1%
HOPSON
1%
HUDDLESTON
1%
HUERTA
1%
HUMMEL
1%
HUTSON
1%
HUYNH
1%
JACQUES
1%
JARAMILLO
1%
KAMINSKI
1%
KEARNS
1%
KEENAN
1%
KEENER
1%
KENYON
1%
KESSLER
1%
KILGORE
1%
KILPATRICK
1%
KIMBROUGH
1%
KINCAID
1%
KOEHLER
1%
KWON
1%
LANDRUM
1%
LATHAM
1%
LAWLER
1%
LEDBETTER
1%
LERMA
1%
LINARES
1%
LOCKETT
1%
LOONEY
1%
LOVELACE
1%
LOZANO
1%
LUGO
1%
LUONG
1%
LYLES
1%
MACIAS
1%
MADRIGAL
1%
MAGANA
1%
MALLOY
1%
MANSFIELD
1%
MARRERO
1%
MATLOCK
1%
MAURER
1%
MAYBERRY
1%
MCGOVERN
1%
MCGOWAN
1%
MCMAHAN
1%
MCNULTY
1%
MEDRANO
1%
MESA
1%
MESSINA
1%
METZ
1%
METZGER
1%
MEZA
1%
MICHAUD
1%
MILLIGAN
1%
MOCK
1%
MONROY
1%
MONTANEZ
1%
MORELAND
1%
MORRISSEY
1%
MOSELEY
1%
MOSHER
1%
MUSE
1%
MYRICK
1%
NEFF
1%
NEWBERRY
1%
NEWCOMB
1%
NUGENT
1%
OCAMPO
1%
OJEDA
1%
OLIVARES
1%
OLIVEIRA
1%
ORNELAS
1%
OROURKE
1%
OROZCO
1%
OSORIO
1%
PALACIOS
1%
PALMA
1%
PAPPAS
1%
PAREDES
1%
PARNELL
1%
PARRA
1%
PASCUAL
1%
PAZ
1%
PEASE
1%
PEDERSEN
1%
PEDERSON
1%
PENDLETON
1%
PERDUE
1%
PINEDA
1%
POLANCO
1%
PUCKETT
1%
PURVIS
1%
QUINONES
1%
QUINTERO
1%
RADER
1%
RALSTON
1%
RANGEL
1%
RANSOM
1%
REARDON
1%
RECTOR
1%
REINHARDT
1%
RENDON
1%
REYNOSO
1%
RICO
1%
ROMO
1%
ROSENTHAL
1%
ROWELL
1%
RUTLEDGE
1%
SAAVEDRA
1%
SAENZ
1%
SALDANA
1%
SALISBURY
1%
SANTAMARIA
1%
SAUER
1%
SCHRADER
1%
SCHULER
1%
SCHWAB
1%
SEAY
1%
SEGURA
1%
SEITZ
1%
SELF
1%
SERRANO
1%
SHANK
1%
SISK
1%
SNEED
1%
SOLANO
1%
SPANN
1%
STALLINGS
1%
STAMPER
1%
STCLAIR
1%
STEINBERG
1%
STILES
1%
STOREY
1%
STREETER
1%
TAPIA
1%
TEAGUE
1%
THACKER
1%
THAYER
1%
THURSTON
1%
TIERNEY
1%
TILLEY
1%
TINSLEY
1%
TOLEDO
1%
TONEY
1%
TRAMMELL
1%
TREJO
1%
TRIMBLE
1%
TRINIDAD
1%
TRIPP
1%
TROTTER
1%
TROYER
1%
VALLES
1%
VARNER
1%
VELASCO
1%
VERGARA
1%
VIDAL
1%
VOGT
1%
WADDELL
1%
WAGGONER
1%
WAGONER
1%
WAITERS
1%
WALDRON
1%
WEATHERS
1%
WEINSTEIN
1%
WEIR
1%
WETZEL
1%
WHEATLEY
1%
WHITMORE
1%
WILHELM
1%
WILLETT
1%
WILLEY
1%
WILLINGHAM
1%
WISNIEWSKI
1%
WOODALL
1%
WOODRUFF
1%
WOOTEN
1%
WORKMAN
1%
WYLIE
1%
XIONG
1%
YOST
1%
ZAMBRANO
1%
ZAMORA
1%
ZAVALA
1%
ZIEGLER
1%
ZUNIGA
1%
AGUAYO
0%
ALANIZ
0%
ALARCON
0%
ALCALA
0%
ALCANTAR
0%
ALCANTARA
0%
ALICEA
0%
ALLRED
0%
ALMANZA
0%
ALMEIDA
0%
ALMONTE
0%
ALTAMIRANO
0%
AMADOR
0%
AMATO
0%
AMAYA
0%
ANAYA
0%
ANGUIANO
0%
ANGULO
0%
APARICIO
0%
ARANDA
0%
ARCE
0%
AREVALO
0%
ARGUETA
0%
ARMENDARIZ
0%
ARMENTA
0%
ARNDT
0%
ARREDONDO
0%
ARRINGTON
0%
ARTEAGA
0%
ASKEW
0%
BAGGETT
0%
BALDERAS
0%
BALES
0%
BALTAZAR
0%
BANDA
0%
BANUELOS
0%
BARBOSA
0%
BARBOUR
0%
BARNHART
0%
BARONE
0%
BARRAGAN
0%
BARRAZA
0%
BARRIENTOS
0%
BAUGH
0%
BAUGHMAN
0%
BEARDEN
0%
BEAVERS
0%
BECERRA
0%
BEEBE
0%
BEGAY
0%
BENAVIDES
0%
BENAVIDEZ
0%
BERMUDEZ
0%
BERRIOS
0%
BETHEA
0%
BILLINGSLEY
0%
BOLIN
0%
BOLLINGER
0%
BORDEN
0%
BORGES
0%
BOURGEOIS
0%
BOYKIN
0%
BRANNON
0%
BRASWELL
0%
BRINSON
0%
BRIONES
0%
BROUGHTON
0%
BROUSSARD
0%
BRUBAKER
0%
BRUNER
0%
BRUNNER
0%
BUENO
0%
BURDEN
0%
BURDICK
0%
BURNETTE
0%
BURNHAM
0%
BUSTAMANTE
0%
BUSTOS
0%
CABALLERO
0%
CABRAL
0%
CACERES
0%
CAGLE
0%
CANALES
0%
CARABALLO
0%
CARBAJAL
0%
CARDONA
0%
CARDOZA
0%
CARON
0%
CARRANZA
0%
CARRASCO
0%
CARREON
0%
CARRERA
0%
CASTELLANOS
0%
CAUDILL
0%
CAVANAUGH
0%
CAVAZOS
0%
CAZARES
0%
CEBALLOS
0%
CEJA
0%
CENTENO
0%
CERDA
0%
CHACON
0%
CHAMPAGNE
0%
CHAMPION
0%
CHAPA
0%
CHAVARRIA
0%
CHAVIS
0%
CHOWDHURY
0%
CINTRON
0%
CLEVENGER
0%
COBURN
0%
COLEY
0%
COLLAZO
0%
CORMIER
0%
CORNEJO
0%
CORNETT
0%
CORONADO
0%
COTTRELL
0%
COVARRUBIAS
0%
CREECH
0%
CRESPO
0%
CROWELL
0%
CRUMP
0%
CUELLAR
0%
CUEVAS
0%
DAMICO
0%
DARDEN
0%
DEATON
0%
DELGADILLO
0%
DELONG
0%
DELUCA
0%
DENNEY
0%
DESAI
0%
DIEHL
0%
DORAN
0%
DOTY
0%
DOZIER
0%
DUBOSE
0%
DUENAS
0%
DUNHAM
0%
DUONG
0%
ECHOLS
0%
ELAM
0%
ELDRIDGE
0%
ELIZONDO
0%
ELKINS
0%
ELMORE
0%
ELY
0%
EMMONS
0%
EPPERSON
0%
ESCALANTE
0%
ESCAMILLA
0%
ESCOBEDO
0%
ESPINAL
0%
ESTEP
0%
EUBANKS
0%
FAGAN
0%
FAIRCHILD
0%
FAJARDO
0%
FARIAS
0%
FELICIANO
0%
FONTENOT
0%
FRIAS
0%
FUCHS
0%
GALLARDO
0%
GAMBOA
0%
GAMEZ
0%
GARAY
0%
GARIBAY
0%
GASTON
0%
GAYTAN
0%
GENTILE
0%
GILCHRIST
0%
GILLETTE
0%
GILLILAND
0%
GIORDANO
0%
GIPSON
0%
GIRARD
0%
GIRON
0%
GODINEZ
0%
GOINS
0%
GOODRICH
0%
GRABER
0%
GRECO
0%
GRIGGS
0%
GRUBBS
0%
GUAJARDO
0%
GUARDADO
0%
GUIDRY
0%
GUILLEN
0%
GUILLORY
0%
GUSTAFSON
0%
HAIRSTON
0%
HAMBY
0%
HAMRICK
0%
HANKINS
0%
HARGROVE
0%
HEDRICK
0%
HEIM
0%
HEMPHILL
0%
HENRIQUEZ
0%
HEREDIA
0%
HERNDON
0%
HERRICK
0%
HIGGINBOTHAM
0%
HINOJOSA
0%
HINSON
0%
HOGUE
0%
HOLGUIN
0%
HOLLINGSWORTH
0%
HONEYCUTT
0%
HOSTETLER
0%
HOUCK
0%
HURTADO
0%
HUTCHISON
0%
IRIZARRY
0%
JAIME
0%
JAIMES
0%
JARRELL
0%
JARRETT
0%
JASSO
0%
JAUREGUI
0%
JERNIGAN
0%
JEWELL
0%
KISER
0%
KNUTSON
0%
KRUSE
0%
LANTZ
0%
LASSITER
0%
LAZO
0%
LEDESMA
0%
LEDFORD
0%
LEGGETT
0%
LEMONS
0%
LEMUS
0%
LENTZ
0%
LEYVA
0%
LIMON
0%
LIPSCOMB
0%
LIRA
0%
LOERA
0%
LOMELI
0%
LOYA
0%
LUJAN
0%
LUNSFORD
0%
LUSK
0%
LUTZ
0%
LUU
0%
LYTLE
0%
MABRY
0%
MANZO
0%
MARCUM
0%
MARES
0%
MARKHAM
0%
MARROQUIN
0%
MATSON
0%
MCAFEE
0%
MCCLELLAND
0%
MCCLENDON
0%
MCCORD
0%
MCCRACKEN
0%
MCCRARY
0%
MCCURDY
0%
MCMULLEN
0%
MEDEIROS
0%
MEDLEY
0%
MEHTA
0%
MENA
0%
MESSER
0%
MIRELES
0%
MOHR
0%
MOJICA
0%
MONDRAGON
0%
MONTALVO
0%
MONTANO
0%
MONTIEL
0%
MOSER
0%
MOUA
0%
MOULTON
0%
MOYA
0%
MUNGUIA
0%
NADEAU
0%
NAGEL
0%
NAGY
0%
NAJERA
0%
NAPIER
0%
NARANJO
0%
NAVARRETE
0%
NEGRETE
0%
NEGRON
0%
NESBITT
0%
NEVAREZ
0%
NICKERSON
0%
NIETO
0%
NORIEGA
0%
ODELL
0%
OGLE
0%
OGLESBY
0%
OLIVAS
0%
OLVERA
0%
ONTIVEROS
0%
ORELLANA
0%
OTERO
0%
OUELLETTE
0%
PADGETT
0%
PADRON
0%
PAGAN
0%
PANTOJA
0%
PARHAM
0%
PATINO
0%
PEDRAZA
0%
PELLETIER
0%
PERALES
0%
PERSAUD
0%
PHIPPS
0%
PIMENTEL
0%
PORRAS
0%
PRADO
0%
PRATHER
0%
PRECIADO
0%
PRIETO
0%
PRUETT
0%
PUENTE
0%
PULIDO
0%
QUALLS
0%
QUEZADA
0%
QUINTANILLA
0%
QUIROZ
0%
RAGLAND
0%
RAGSDALE
0%
RAINEY
0%
RAMEY
0%
RATLIFF
0%
RAZO
0%
REEDER
0%
REGALADO
0%
RENTERIA
0%
RESENDIZ
0%
RHOADES
0%
RHOADS
0%
RICHEY
0%
RICKETTS
0%
RINCON
0%
RINEHART
0%
ROARK
0%
ROBLEDO
0%
ROLDAN
0%
ROQUE
0%
ROSADO
0%
RUFFIN
0%
RUSHING
0%
SALCEDO
0%
SALDIVAR
0%
SANTILLAN
0%
SAPP
0%
SARMIENTO
0%
SATTERFIELD
0%
SAUCEDO
0%
SCARBOROUGH
0%
SCHERER
0%
SCHULTE
0%
SCRUGGS
0%
SEALS
0%
SEGOVIA
0%
SEPULVEDA
0%
SERNA
0%
SHAVER
0%
SHEETS
0%
SHERRILL
0%
SHOCKLEY
0%
SHOOK
0%
SKAGGS
0%
SKELTON
0%
SLACK
0%
SLAUGHTER
0%
SLONE
0%
SMALLWOOD
0%
SNODGRASS
0%
SOLORIO
0%
SOLORZANO
0%
SOTELO
0%
SPANGLER
0%
SPIVEY
0%
SPRAGUE
0%
SPURLOCK
0%
STAHL
0%
STARNES
0%
STATON
0%
STAUFFER
0%
STEARNS
0%
STODDARD
0%
STOLL
0%
STOLTZFUS
0%
STOVALL
0%
STRATTON
0%
STUMP
0%
SWARTZ
0%
TABOR
0%
TACKETT
0%
TALBERT
0%
TALLEY
0%
TAMAYO
0%
TEJEDA
0%
THAO
0%
THARP
0%
THIBODEAUX
0%
THRASHER
0%
TIDWELL
0%
TIRADO
0%
TOLBERT
0%
TOLLIVER
0%
TOTH
0%
TOVAR
0%
TRAHAN
0%
TRAYLOR
0%
TRINH
0%
TRIPLETT
0%
ULLOA
0%
URBINA
0%
URIBE
0%
VALADEZ
0%
VALDIVIA
0%
VALERIO
0%
VALLEJO
0%
VANHORN
0%
VARELA
0%
VENEGAS
0%
VIGIL
0%
VILLASENOR
0%
VITALE
0%
WELDON
0%
WENDT
0%
WESTFALL
0%
WHALEY
0%
WHIPPLE
0%
WHITFIELD
0%
WHITTEN
0%
WHITTINGTON
0%
WILBURN
0%
WILLOUGHBY
0%
YANCEY
0%
YANEZ
0%
YARBROUGH
0%
YAZZIE
0%
YBARRA
0%
YEAGER
0%
ZARAGOZA
0%
ZARATE
0%
ZEIGLER
0%
ZELAYA
0%
ZEPEDA
0%
No matching quizzes found
Score Distribution
Percent of People with Each Score
Percentile by Number Answered
Your Score History
You have not taken this quiz since the last reset